[Event "Warsaw Najdorf Memorial op-B"]
[Site "Warsaw"]
[Date "2023.07.12"]
[Round "2"]
[White "Bury, Milosz"]
[Black "Skiba, Jakub"]
[Result "1-0"]
[WhiteElo "1785"]
[BlackElo "1684"]
[PlyCount "121"]
[EventDate "2023.07.11"]
[EventType "swiss"]
[EventRounds "9"]
[EventCountry "POL"]
[SourceTitle "EXT 2024"]
[Source "ChessBase"]
[SourceDate "2023.10.10"]
[SourceVersion "1"]
[SourceVersionDate "2023.10.10"]
[SourceQuality "1"]

1. e4 c5 2. Nf3 Nf6 3. e5 Nd5 4. Nc3 e6 5. Nxd5 exd5 6. d4 Nc6 7. dxc5 Bxc5 8. Bd3 d6 9. exd6 0-0 10. 0-0 Bxd6 11. h3 h6 12. c3 Qf6 13. Re1 Rd8 14. Bc2 Bf4 15. Bxf4 Qxf4 16. Qd3 g6 17. Bb3 Bf5 18. Qe3 Qxe3 19. Rxe3 Be4 20. Rd1 Na5 21. Nd4 Nxb3 22. axb3 g5 23. f3 Bg6 24. Re7 Rab8 25. Rde1 a6 26. Kf2 Rd6 27. Rc7 b5 28. b4 Kf8 29. Ra1 h5 30. Ra7 Rbb6 31. Re1 Kg7 32. Ree7 Kf6 33. g4 hxg4 34. hxg4 Rd8 35. Red7 Rh8 36. Kg2 Ke5 37. Re7+ Kf6 38. Rac7 Ra8 39. Red7 Ke5 40. Rc5 Rd6 41. Re7+ Kf6 42. Re1 Rb8 43. Kg3 Rh8 44. Rd1 Ke5 45. Nc6+ Ke6 46. Re1+ Kf6 47. Nd4 Ra8 48. Rc6 Rxc6 49. Nxc6 Bc2 50. Nd4 Bg6 51. Ra1 Bd3 52. Kf2 Re8 53. Rxa6+ Ke5 54. Ke3 Bg6 55. Nxb5 Rh8 56. Nd4 Rh2 57. b3 Rb2 58. b5 Bc2 59. b4 Bb3 60. b6 Bc4 61. b7 1-0

[Event "Polanica Zdroj op-B 58th"]
[Site "Polanica Zdroj"]
[Date "2022.08.13"]
[Round "1"]
[White "Skiba, Jakub"]
[Black "Chmiel, Marcin"]
[Result "0-1"]
[WhiteElo "1711"]
[BlackElo "2192"]
[PlyCount "72"]
[EventDate "2022.08.13"]
[EventType "swiss"]
[EventRounds "9"]
[EventCountry "POL"]
[SourceTitle "CBM 210 Extra"]
[Source "ChessBase"]
[SourceDate "2022.11.30"]
[SourceVersion "1"]
[SourceVersionDate "2022.11.30"]
[SourceQuality "1"]

1. e4 c6 2. d4 d5 3. exd5 cxd5 4. c4 Nf6 5. Nc3 g6 6. Bg5 Bg7 7. Bxf6 Bxf6 8. cxd5 0-0 9. Nge2 e6 10. Qb3 exd5 11. Nxd5 Nc6 12. Nxf6+ Qxf6 13. d5 Ne5 14. Ng3 Ng4 15. f3 Re8+ 16. Be2 Ne3 17. Rc1 Nxg2+ 18. Kf2 Nf4 19. Rcd1 Qh4 20. Bc4 Bf5 21. d6 Be6 22. Bxe6 Rxe6 23. Rd2 Rae8 24. d7 Re2+ 25. Rxe2 Rxe2+ 26. Kg1 Re1+ 27. Kf2 Rxh1 28. d8Q+ Qxd8 29. Nxh1 Qd2+ 30. Kg3 g5 31. Kg4 Qxh2 32. Qxb7 Qh3+ 33. Kxg5 Ne6+ 34. Kf6 Qh4+ 35. Ke5 Qf4+ 36. Kd5 Qxf3+ 0-1